Inovácie v marketingu

Guardado en:
Detalles Bibliográficos
Autor principal: Danková, Lenka, 1993-
Otros Autores: Naščáková, Jana
Formato: Capítulo de libro
Lenguaje:eslovaco
Etiquetas: Agregar Etiqueta
Sin Etiquetas, Sea el primero en etiquetar este registro!

MARC

LEADER 00000nla a2200000 4500
001 0240142
005 20240502073909.7
041 0 |a slo 
044 |a SK 
245 1 0 |a Inovácie v marketingu 
500 |a Abstrakt 
100 1 |a Danková, Lenka, 1993- 
700 1 |a Naščáková, Jana